[Event "GER-ch U08 Girls"]
[Site "Willingen"]
[Date "2024.05.23"]
[Round "4"]
[White "Sigacheva, Varvara"]
[Black "Rose, Malina Rita"]
[Result "1-0"]
[WhiteElo "1095"]
[BlackElo "1053"]
[PlyCount "53"]
[EventDate "2024.05.22"]
[EventType "swiss"]
[EventRounds "7"]
[EventCountry "GER"]
[SourceTitle "CBM 220 Extra"]
[Source "ChessBase"]
[SourceDate "2024.07.31"]
[SourceVersion "1"]
[SourceVersionDate "2024.07.31"]
[SourceQuality "1"]

1. d4 d5 2. Bf4 e6 3. e3 c5 4. c3 Nc6 5. Nd2 Nf6 6. Bd3 Bd6 7. Bg3 Bxg3 8. hxg3 Qe7 9. Ngf3 0-0 10. Qe2 c4 11. Bc2 Bd7 12. 0-0-0 h6 13. Rh4 Qd6 14. Rdh1 Rfe8 15. Ng5 Kf8 16. Nh7+ Nxh7 17. Bxh7 Ke7 18. Qg4 Kf8 19. f4 f5 20. Qg6 Re7 21. Rxh6 Be8 22. Qg5 Nd8 23. Rf6+ Rf7 24. Rxf7+ Nxf7 25. Qg6 Nh6 26. Qg5 Nf7 27. Qh4 1-0

[Event "GER-ch U08 Girls"]
[Site "Willingen"]
[Date "2024.05.22"]
[Round "1"]
[White "Schindler, Mailin"]
[Black "Sigacheva, Varvara"]
[Result "0-1"]
[WhiteElo "781"]
[BlackElo "1095"]
[PlyCount "58"]
[EventDate "2024.05.22"]
[EventType "swiss"]
[EventRounds "7"]
[EventCountry "GER"]
[SourceTitle "CBM 220 Extra"]
[Source "ChessBase"]
[SourceDate "2024.07.31"]
[SourceVersion "1"]
[SourceVersionDate "2024.07.31"]
[SourceQuality "1"]

1. e4 c6 2. Nf3 d5 3. Nc3 e6 4. d3 Bd7 5. Be2 Be7 6. Be3 Bb4 7. Qd2 Ne7 8. 0-0-0 Qc7 9. a3 Ba5 10. Bf4 Qb6 11. b4 d4 12. Na4 Qb5 13. Nxd4 Qxa4 14. Qc3 Bb6 15. Bd6 Bxd4 16. Qxd4 Qxa3+ 17. Kb1 Rg8 18. b5 Qa5 19. bxc6 Qb5+ 20. Kc1 Qxc6 21. Bf3 Qa6 22. Bh5 Nbc6 23. Qc5 g6 24. Be2 b6 25. Qg5 Nc8 26. Bg3 Nd4 27. Bg4 Qa5 28. Qh6 Qc3 29. Rd2 Qa1# 0-1